Аудит, контроллинг и оценка расходов на персонал: учебно-практическое пособие

Bibliographische Detailangaben
Körperschaft: Государственный университет управления (ГУУ)
Weitere Verfasser: Митрофанова Е. А. Елена Александровна (автор), Софиенко А. В. Алла Викторовна (редактор), Кибанов А. Я. Ардальон Яковлевич
Zusammenfassung:Авт. указ. на обороте тит. л.
Раскрываются сущность и цели аудита персонала; представлены объект и предмет аудита персонала; обоснованы стандарты аудита персонала. Предложена технология организации аудита персонала, в рамках которой сформирована система показателей аудита персонала, раскрыто информационное обеспечение аудита, показана методика оценки рисков и эффективности аудиторской проверки. Представлена содержательная структура контроллинга персонала организации: элементы, принципы, задачи, функции и закономерности контроллинга персонала; приведены зарубежные и российские модели контроллинга персонала; показаны примеры формирования целей и показателей контроллинга персонала в зависимости от целей и стратегии организации. Определяются условия формирования модели, а также структурно-функциональные параметры контроллинга персонала; предложен алгоритм построения организационно-экономической модели контроллинга персонала. Рассматривается методология оценки расходов на персонал: раскрыта сущность расходов на персонал; исследованы современные концепции оценки расходов на персонал; дана современная классификация расходов на персонал; определены факторы и методы оценки эффективности расходов на персонал. Здесь же даны методические и практические рекомендации по анализу расходов на персонал организации.
Sprache:Russisch
Veröffentlicht: Москва, Проспект, 2012
Schriftenreihe:Управление персоналом: теория и практика
Schlagworte:
Format: MixedMaterials Buch
KOHA link:https://koha.lib.tpu.ru/cgi-bin/koha/opac-detail.pl?biblionumber=217109

MARC

LEADER 00000nam0a2200000 4500
001 217109
005 20231101230105.0
010 |a 9785392028894 
035 |a (RuTPU)RU\TPU\book\237087 
090 |a 217109 
100 |a 20120531d2012 m y0rusy50 ca 
101 0 |a rus 
102 |a RU 
105 |a y j 000zy 
200 1 |a Аудит, контроллинг и оценка расходов на персонал  |e учебно-практическое пособие  |f Государственный университет управления (ГУУ) ; Е. А. Митрофанова , А. В. Софиенко ; под ред. А. Я. Кибанова 
210 |a Москва  |c Проспект  |d 2012 
215 |a 80 с. 
225 1 |a Управление персоналом: теория и практика 
300 |a Авт. указ. на обороте тит. л. 
330 |a Раскрываются сущность и цели аудита персонала; представлены объект и предмет аудита персонала; обоснованы стандарты аудита персонала. Предложена технология организации аудита персонала, в рамках которой сформирована система показателей аудита персонала, раскрыто информационное обеспечение аудита, показана методика оценки рисков и эффективности аудиторской проверки. Представлена содержательная структура контроллинга персонала организации: элементы, принципы, задачи, функции и закономерности контроллинга персонала; приведены зарубежные и российские модели контроллинга персонала; показаны примеры формирования целей и показателей контроллинга персонала в зависимости от целей и стратегии организации. Определяются условия формирования модели, а также структурно-функциональные параметры контроллинга персонала; предложен алгоритм построения организационно-экономической модели контроллинга персонала. Рассматривается методология оценки расходов на персонал: раскрыта сущность расходов на персонал; исследованы современные концепции оценки расходов на персонал; дана современная классификация расходов на персонал; определены факторы и методы оценки эффективности расходов на персонал. Здесь же даны методические и практические рекомендации по анализу расходов на персонал организации. 
606 1 |a Персонал  |x Управление  |2 stltpush  |3 (RuTPU)RU\TPU\subj\36605  |9 57925 
610 1 |a экономика 
610 1 |a аудит 
610 1 |a контроллинг 
610 1 |a аудиторская проверка 
610 1 |a расходы 
610 1 |a кадровый контроллинг 
610 1 |a планирование 
610 1 |a учебно-практические пособия 
675 |a 657.6(075.8)  |v 3 
686 |a У9(2)240я73  |v LBC/SL-A  |2 rubbk 
702 1 |a Митрофанова  |b Е. А.  |g Елена Александровна  |4 070 
702 1 |a Софиенко  |b А. В.  |g Алла Викторовна  |4 070 
702 1 |a Кибанов  |b А. Я.  |g Ардальон Яковлевич  |4 340 
712 0 2 |a Государственный университет управления (ГУУ)  |c (Москва)  |c (1998- )  |2 stltpush  |3 (RuTPU)RU\TPU\col\23 
801 1 |a RU  |b 63413507  |c 20120531 
801 2 |a RU  |b 63413507  |c 20230403  |g RCR 
942 |c BK 
959 |a 87/20120531  |d 2  |e 60,00  |f ЧЗГЛ:1  |f АНЛ:1